Rasta Bhully Khawab / (Record no. 524904)
[ view plain ]
| 000 -LEADER | |
|---|---|
| fixed length control field | 00531nam a22001817a 4500 |
| 003 - CONTROL NUMBER IDENTIFIER | |
| control field | NUST |
| 038 ## - RECORD CONTENT LICENSOR | |
| Staff Name | Faiza |
| 082 ## - DEWEY DECIMAL CLASSIFICATION NUMBER | |
| Classification number | 891.421 |
| Author Mark | FAR |
| 100 ## - MAIN ENTRY--PERSONAL NAME | |
| Personal name | Fardoos, Afzaal |
| 9 (RLIN) | 15703 |
| 245 ## - TITLE STATEMENT | |
| Title | Rasta Bhully Khawab / |
| Statement of responsibility, etc. | Afzaal Fardoos |
| 260 ## - PUBLICATION, DISTRIBUTION, ETC. | |
| Place of publication, distribution, etc. | Lahore : |
| Name of publisher, distributor, etc. | Dastavez Matbuaat, |
| Date of publication, distribution, etc. | 2001. |
| 300 ## - PHYSICAL DESCRIPTION | |
| Extent | 111 p. ; |
| 500 ## - GENERAL NOTE | |
| General note | Hardcover. |
| 880 ## - ALTERNATE GRAPHIC REPRESENTATION | |
| Linkage | 100-01\r |
| Title | افضال فردوس |
| 880 ## - ALTERNATE GRAPHIC REPRESENTATION | |
| Linkage | 245-02\r |
| Title | رستہ بھلے خواب / |
| 880 ## - ALTERNATE GRAPHIC REPRESENTATION | |
| Linkage | 260-03\r |
| Title | لاہور : |
| b | دستاویز مطبوعات, |
| c | ۲۰۰۱. |
| 942 ## - ADDED ENTRY ELEMENTS (KOHA) | |
| Source of classification or shelving scheme | |
| Koha item type | Book |
| Withdrawn status | Lost status | Source of classification or shelving scheme | Damaged status | Not for loan | Permanent Location | Current Location | Date acquired | Total Checkouts | Full call number | Barcode | Date last seen | Price effective from | Koha item type |
|---|---|---|---|---|---|---|---|---|---|---|---|---|---|
| Central Library (CL) | Central Library (CL) | 06/27/2019 | 891.421 FAR | CL-E-879 | 06/27/2019 | 06/27/2019 | Book |
